000 004290000a22001690004500
041 0 _aSPA
082 0 4 _aG 253.2 A489t
100 1 _aAmaya, Ismael E.
245 1 0 _aTeología bíblica del evangelismo / Ismael E. Amaya
260 _aMiami, FL., USA : Vida
300 _a174 Pag
001 6338
942 _cBK
999 _c36611
_d36611
336 _atexto
_btxt
_2rdacontent
337 _2rdamedia
_asin mediación
_bn
338 _2rdacarrier
_avolumen
_bnc